00689 2200253 4500001002100000005001700021008004100038020001800079035002400097041000800121043001200129082001100141090002200152100001800174245008800192250001000280260003500290300002400325504001600349650001600365700001400381850001200395999002800407YOGYA-0511000000079320110511093155.0 ind  a979-8477-01-4 0010-051100000000792 aInd aYOPDYOG a419.22 aDep 419.22bEdi P aEDI SETIYANTO aPasangan tutur dalam wacana dialog bahasa jawacEdi Setiyanto;penyunting, Wedhawati aCet.1 aYogyakartabBalai Bahasac2006 aviii,111 hlmc21 cm ahlm 109-111 aBahasa Jawa aWedhawati aYOPDYOG aCB - D.11 - 2006 - 1070